01259mam a2200313 a 450000100060000000300080000600500170001400800410003102000240007202000150009603500190011103500140013004000280014404100080017208200200018024501850020026000480038530000340043350400510046765000300051865000330054865000510058171000380063271000490067071000490071994200120076899900170078095201480079723431BD-RjUL20211209000929.0140310s1992 nyua 001 0 eng d a0195062310 (pbk.) : a0195062302 a(BD-RjUL)23496 a(BD-RjUL) aAZTcAZTdKTUdNNCbeng aeng a901.9bWOR 199200aWorld resources 1992-93 :ba report /cby the World Resources Institute in collaboration with the United Nations Environment Programme and the United Nations Development Programme. aNew York :bOxford University Press,c1992. axiv, 385 p. :bill. ;c28 cm. aIncludes bibliographical references and index. 0aNatural resources.972169 0aEnvironmental policy.972170 0aEconomic policyxEnvironmental aspects.9721712 aWorld Resources Institute.9721722 aUnited Nations Environment Programme.9217942 aUnited Nations Development Programme.972173 2ddccBK c23431d23431 00102ddc40728NFICaRUCLbRUCLcReadingd1994-08-14eAligrah Lib. Dhaka.g15.95l0o901.9 WOR 1992r2014-03-10 00:00:00tC-1w2014-03-10yBK